Letopis pamätníka slovenskej literatúry

Bibliographic Details
New Title:Literárnomúzejný letopis
Previous Title:Literárne pamiatky a pamätníky
Other Authors: Chovan-Rehák, Juraj, 1931-2021 (Compiler)
Format: Serial
Language:Slovak
Published: Martin Matica slovenská 1968-[1972]
Subjects:

MARC

LEADER 00000cas a2200000 a 4500
001 vtls001327848
003 SK-MaSNL
005 20260228155637.0
008 980415c19681972xo ar 0 0b0slo
022 |a 0075-8841 
035 |a SNK000280660 
040 |a SNK  |b slo  |c SNK  |e AACR2 
041 0 |a slo  |b ger  |b rus 
044 |a xo  |c SK 
072 7 |a 069  |x Múzeá. Muzeológia. Múzejníctvo. Výstavy  |2 konspekt 
072 7 |a 821.162.4  |x Slovenská literatúra  |2 konspekt 
080 |a 069  |2 2011 
080 |a 821.162.4  |2 2011 
080 |a (082)  |2 2011 
080 |a 069:82  |2 2001 
210 0 |a Letop. pamät. slov. lit. 
222 0 |a Letopis pamätníka slovenskej literatúry 
245 0 0 |a Letopis pamätníka slovenskej literatúry 
246 1 1 |a Sbornik Muzeja slovackoj literatury 
246 1 1 |a Jahrbuch des Denkmals der slowakischen Literatur 
260 |a Martin  |b Matica slovenská  |c 1968-[1972]  |f Tlačiarne SNP, n. p. 
300 |a 5 zv.  |c 21-25 cm 
310 |a 1x ročne 
362 0 |a 1968-1972 
500 |a Zostavovateľ: Juraj Chovan-Rehák 
504 |a Reg. 
546 |a Res. rus. a nem. 
650 0 7 |a múzeá  |2 SNKPH  |9 4119 
650 0 7 |a slovenská literatúra  |2 SNKPH  |9 1115 
650 0 7 |a Museums  |2 SNKPHeng  |9 265072 
650 0 7 |a literárne múzeá  |2 SNKPH  |9 74381 
650 0 7 |a Literary museums  |2 SNKPHeng  |9 57936 
650 0 7 |a Slovak literature  |2 SNKPHeng  |9 265073 
655 7 |a zborníky  |2 SNKPH  |9 70165 
655 7 |a Papers of several author  |2 SNKPHengs  |9 265074 
700 1 |a Chovan-Rehák, Juraj,  |d 1931-2021  |4 com  |9 214722 
780 0 0 |t Literárne pamiatky a pamätníky 
785 0 0 |t Literárnomúzejný letopis  |w vtls001078741 
910 |a snk 
910 |a snmk 
910 |a svkpo 
910 |a kuruk 
910 |a gagk 
916 |a 1968-1972 
958 |a NB 
958 |a LX 
999 |c 41  |d 41 
952 |0 0  |1 0  |4 0  |7 0  |a SNK  |b SNK  |d 2009-03-03  |i snkKSP 6632/68  |l 0  |o snkČSC 1446/1968 D1  |p 17A0614309  |r 2026-02-21 19:30:48  |w 2026-02-21  |y PREZ 
952 |0 0  |1 0  |3 rekatalogizácia  |4 0  |7 0  |8 5  |a SNK  |b SNK  |d 2006-05-04  |i snkF 80/73  |l 0  |o snkČSC 1446/1972 D2  |p 17A0507060  |r 2026-02-21 19:52:23  |w 2026-02-21  |y PREZ 
952 |0 0  |1 0  |3 rekatalogizácia  |4 0  |7 0  |a SNK  |b SNK  |d 2007-04-10  |i snkKSP 1864/70  |l 0  |o snkČSC 1446/1969 D1  |p 17A0546005  |r 2026-02-21 20:27:46  |w 2026-02-21  |y PREZ 
952 |0 0  |1 0  |3 rekatalogizácia  |4 0  |7 0  |a SNK  |b SNK  |d 2007-04-10  |i snkKSP 8178/70  |l 0  |o snkČSC 1446/1970 D1  |p 17A0546004  |r 2026-02-21 20:27:46  |w 2026-02-21  |y PREZ 
952 |0 0  |1 0  |4 0  |7 0  |8 1  |a SNK  |b SNK  |d 2009-05-18  |i snkD 321/69  |l 0  |o snkČSC 1446/1968 D3  |p 17A0614168  |r 2026-02-21 20:28:57  |w 2026-02-21  |y PREZ 
952 |0 0  |1 0  |4 0  |7 0  |a SNK  |b SNK  |d 1997-10-15  |f 1  |i snkKSP 8177/70  |l 0  |o snkČSC 1446/1970  |p 17A0102657  |r 2005-01-02 00:00:00  |w 2026-02-21  |y PREZ 
952 |0 0  |1 0  |4 0  |7 0  |8 1  |a SNK  |b SNK  |d 1998-04-16  |i snkD 434/71  |l 0  |o snkČSC 1446/1970 D3  |p 17A0113323  |r 2005-01-02 00:00:00  |w 2026-02-21  |y PREZ 
952 |0 0  |1 0  |4 0  |7 0  |a SNK  |b SNK  |d 2000-11-04  |l 0  |o snkČSC 1446/1972 D1  |p 17A0255225  |r 2005-01-02 00:00:00  |w 2026-02-21  |y PREZ 
952 |0 0  |1 0  |4 0  |7 0  |8 1  |a SNK  |b SNK  |d 2012-07-20  |i snkD 431/71  |l 0  |o snkČSC 1446/1970 D2  |p 17A0888715  |r 2026-02-21 20:40:41  |w 2026-02-21  |y PREZ 
952 |0 0  |1 0  |4 0  |7 0  |a SNK  |b SNK  |d 2013-06-07  |f 1  |i snkKSP 270/73  |l 0  |o snkČSC 1446/1972  |p 17A0815651  |r 2026-02-21 20:41:18  |w 2026-02-21  |y PREZ 
952 |0 0  |1 0  |4 0  |7 0  |8 1  |a SNK  |b SNK  |d 1998-04-16  |i snkD 338/70  |l 0  |o snkČSC 1446/1969 D2  |p 17A0113320  |r 2005-01-02 00:00:00  |w 2026-02-21  |y PREZ 
952 |0 0  |1 0  |4 0  |7 0  |8 1  |a SNK  |b SNK  |d 1998-04-15  |i snkD 326/69  |l 0  |o snkČSC 1446/1968 D2  |p 17A0113322  |r 2005-01-02 00:00:00  |w 2026-02-21  |y PREZ 
952 |0 0  |1 0  |4 0  |7 0  |a SNK  |b SNK  |d 2003-10-02  |f 1  |i snkKSP 6631/68  |l 0  |o snkČSC 1446/1968  |p 17A0397602  |r 2005-01-02 00:00:00  |w 2026-02-21  |y PREZ 
952 |0 0  |1 0  |4 0  |7 0  |8 5  |a SNK  |b SNK  |d 1998-04-30  |i snkF 81/73  |l 0  |o snkČSC 1446/1972 D3  |p 17A0113328  |r 2005-01-02 00:00:00  |w 2026-02-21  |y PREZ 
952 |0 0  |1 0  |4 0  |7 0  |a SNK  |b SNK  |d 1998-09-24  |f 1  |i snkKSP 652/73  |l 0  |o snkČSC 1446/5/1971  |p 17A0162918  |r 2005-01-02 00:00:00  |w 2026-02-21  |y PREZ 
952 |0 0  |1 0  |4 0  |7 0  |a SNK  |b SNK  |d 1999-05-21  |f 1  |i snkKSP 1763/70  |l 0  |o snkČSC 1446/1969  |p 17A0195964  |r 2005-01-02 00:00:00  |w 2026-02-21  |y PREZ 
952 |0 0  |1 0  |4 0  |7 1  |a SNKUST  |b SNKUST  |d 2010-09-17  |i snkKSP 653/73  |l 0  |o snkČSC 1446/5/1971 D1  |p 17A0671007  |r 2025-04-28 00:00:00  |t snkLET/5 82:069(05)  |w 2026-02-21  |y NEVYP  |z snkLET 82:069(05) 
952 |0 0  |1 0  |4 0  |7 0  |a SNKUST  |b SNKUST  |d 2003-06-17  |l 0  |o snkČSC 1446/1970 D4  |p 17A0383316  |r 2025-04-29 00:00:00  |t snkLET/3 82:069(05)  |w 2026-02-21  |y PREZ 
952 |0 0  |1 0  |4 0  |7 0  |a SNKUST  |b SNKUST  |d 2003-06-17  |l 0  |o snkČSC 1446/1968 D4  |p 17A0386002  |r 2025-04-28 00:00:00  |t snkLET/1 82:069(05)  |w 2026-02-21  |y PREZ 
952 |0 0  |1 0  |4 0  |7 0  |8 5  |a SNKUST  |b SNKUST  |d 2003-06-18  |i snkF 84/73  |l 0  |o snkČSC 1446/5/1972 D6  |p 17A0383852  |r 2025-05-30 00:00:00  |t snkLET/6 82:069(05)  |w 2026-02-21  |y PREZ  |z snkLET/6 82:069(05) 
952 |0 0  |1 0  |4 0  |7 0  |a SNKUST  |b SNKUST  |d 2003-06-11  |l 0  |o snkČSC 1446/1969 D3  |p 17A0383265  |r 2025-04-28 00:00:00  |t snkLET/2 82:069(05)  |w 2026-02-21  |y PREZ